MODERN PHARMACUTICS BASIC PRINCIPLES AND SYSTEMS VOL-1 (Record no. 8222)

MARC details
000 -LEADER
fixed length control field 00489nam a22001817a 4500
005 - DATE AND TIME OF LATEST TRANSACTION
control field 20230130151404.0
008 - FIXED-LENGTH DATA ELEMENTS--GENERAL INFORMATION
fixed length control field 230128b |||||||| |||| 00| 0 eng d
020 ## - INTERNATIONAL STANDARD BOOK NUMBER
ISBN 978-0-3678-9488-7
041 ## - LANGUAGE CODE
Language code of text/sound track or separate title eng
082 ## - DEWEY DECIMAL CLASSIFICATION NUMBER
Classification number 615. FLO-M
100 ## - MAIN ENTRY--AUTHOR NAME
Personal name FLORENCE, AIEXANDER T. AND SIEPMANN, JUREGEN
245 ## - TITLE STATEMENT
Title MODERN PHARMACUTICS BASIC PRINCIPLES AND SYSTEMS VOL-1
250 ## - EDITION STATEMENT
Edition statement 5th ed.
260 ## - PUBLICATION, DISTRIBUTION, ETC. (IMPRINT)
Name of publisher CRS PRESS
300 ## - PHYSICAL DESCRIPTION
Number of Pages 633;P.
650 ## - SUBJECT ADDED ENTRY--TOPICAL TERM
Topical Term PHARMACY
General subdivision B.PHARMA
942 ## - ADDED ENTRY ELEMENTS (KOHA)
Koha item type Books
Holdings
Lost status Damaged status Collection code Home library Current library Shelving location Date acquired Source of acquisition Full call number Accession Number Koha item type
    Reference JRU Library JRU Library Shelf - 23- A 21/01/2023 LOHIA BOOK INTERNATIONAL 615. FLO-M 27433 Books